000 00619nam a2200241Ia 4500
003 OSt
005 20221005122244.0
006 a|||||r|||| 00| 0
007 ta
008 221004b |||||||| |||| 00| 0 eng d
024 _a48617
037 _cTextual
040 _aCRL
_cCRL
_beng
041 _2eng
_aeng
082 _aP121:7, D3
100 _aPerini N
_9631726
245 0 _aItalian conversation grammar followed by a short guide to Italian composition
250 _a5th
260 _c1903
650 _aLINGUISTICS
942 _hP121:7, D3
_cTEXL
_2cc
999 _c1043756
_d1043756